000 00707nam a22001817a 4500
005 20260409103128.0
008 260409b |||||||| |||| 00| 0 eng d
020 _a(pbk)
040 _cUE-CL
082 _226th ed.
_a823.91
_bL11
100 _aLaal Raamji
245 _aJames Joyce: A portrait of the artist as a young man A critical study
_b/ Ramji Laal
260 _aLahore:
_bFamous Products.
_c2006
300 _a135 p.
505 _a1. James Joyce-A short story 2. The worker of james joyce 3. James Joyce as a novelist 4. An introduction to a portrait of the artist 5. The theme of a portrait 6. A synopsis of the novel 7. The openinf section of Portrait
546 _aEnglish
942 _cBK
999 _c25974
_d25973